| 000 | 01725nam0a2200325 4500 | ||
|---|---|---|---|
| 001 | RU\NLR\bibl\1846506 | ||
| 005 | 20250616174009.0 | ||
| 010 |
_a978-5-86433-476-8 _9100 |
||
| 021 |
_aRU _b2011-92613 _96637 |
||
| 035 | _a(NLR Aleph) 001836936 | ||
| 090 |
_a2218330 _c2218330 |
||
| 100 | _a20111212d2011 |||y0rusy50 ca | ||
| 101 | 0 | _arus | |
| 102 | _aRU | ||
| 105 | _aa ||||||||| | ||
| 200 | 1 |
_aТвердофазный синтез тонкопленочных материалов _eучебное пособие _eдля студентов, обучающихся по направлению 010700.62 "Физика" _fВ.С. Жигалов, В.Г. Мягков _gМ-во образования и науки Рос. Федерации, Сиб. гос. аэрокосм. ун-т им. акад. М.Ф. Решетнева, Ин-т физики им. Л.В. Киренского Сиб. отд-ния Рос. акад. наук |
|
| 210 |
_aКрасноярск _cСибирский государственный аэрокосмический университет _d2011 |
||
| 215 |
_a124, [2] с. _cил. _d21 |
||
| 320 | _aБиблиогр. в конце разделов | ||
| 606 | 1 |
_aТонкие пленки _jУчебные издания для высших учебных заведений _xПолучение _92285278 _3RU\NLR\auth\661368945 |
|
| 686 | _aЗ844.13-06я73-1 | ||
| 700 | 1 |
_aЖигалов _bВ. С. _gВиктор Степанович _4070 |
|
| 701 | 1 |
_aМягков _bВ. Г. _gВиктор Григорьевич _4070 |
|
| 801 | 0 |
_aRU _bNLR _c20111212 _gRCR |
|
| 801 | 1 |
_aRU _bNLR _c20111212 |
|
| 830 | _aавт. по кн. | ||
| 942 | _cBOOK | ||
| 980 | _aNB | ||
| 980 | _aNBR | ||